[Event "21. Copenhagen Open  (Politiken Cup)"]
[Site "Copenhagen"]
[Date "1999.07.11"]
[Round "8"]
[White "Petersen, Peter Birk"]
[Black "Hardarson, Robert"]
[Result "1/2-1/2"]
[WhiteElo "2205"]
[BlackElo "2331"]
[PlyCount "47"]
[EventDate "1999.07.03"]
[EventType "swiss"]
[EventRounds "11"]
[EventCountry "DEN"]
[SourceDate "2004.01.01"]

1. e4 e5 2. Nf3 Nc6 3. Bb5 a6 4. Ba4 Nf6 5. O-O Nxe4 6. d4 b5 7. Bb3 d5 8. dxe5
Be6 9. c3 Bc5 10. Nbd2 O-O 11. Qe2 Nxf2 12. Rxf2 f6 13. exf6 Qxf6 14. Nf1 Bxf2+
15. Qxf2 Ne5 16. Be3 Nxf3+ 17. Qxf3 Qxf3 18. gxf3 Rxf3 19. Bc5 c6 20. Ng3 Bh3
21. Re1 g6 22. Ne4 Rf5 23. Ng3 Rf3 24. Ne4 1/2-1/2

[Event "21. Copenhagen Open  (Politiken Cup)"]
[Site "Copenhagen"]
[Date "1999.07.11"]
[Round "8"]
[White "Petersen, Steen"]
[Black "Howe, Dennis"]
[Result "1-0"]
[WhiteElo "2166"]
[BlackElo "1919"]
[PlyCount "113"]
[EventDate "1999.07.03"]
[EventType "swiss"]
[EventRounds "11"]
[EventCountry "DEN"]
[SourceDate "2004.01.01"]

1. e4 e5 2. Nf3 Nc6 3. Bc4 d6 4. d4 Bg4 5. c3 Bxf3 6. Qxf3 Qf6 7. Be3 Be7 8.
Bb5 a6 9. Bxc6+ bxc6 10. Nd2 Qxf3 11. Nxf3 Nf6 12. dxe5 Nxe4 13. O-O-O O-O 14.
Rhe1 f5 15. exd6 cxd6 16. Nd4 f4 17. Nxc6 Bg5 18. Bd4 f3+ 19. Kc2 Rae8 20. g3
Nxf2 21. Ne7+ Bxe7 22. Bxf2 Bg5 23. Kd3 Rb8 24. b3 Rbc8 25. Bd4 Bf6 26. Re4 g5
27. Rf1 d5 28. Re6 Bxd4 29. Kxd4 f2 30. Re2 Rf3 31. Rexf2 Rfxc3 32. Rf8+ Kg7
33. R8f7+ Kg8 34. Rf8+ Kg7 35. R8f7+ Kg8 36. R7f5 h6 37. R1f2 Rc1 38. Ke5 Rd8
39. Rf6 Re1+ 40. Kf5 d4 41. Kg6 d3 42. Kxh6 Re7 43. Rg6+ Kh8 44. Rd2 g4 45.
Rxa6 Rg8 46. Rg6 Rd8 47. Kg5 Rd4 48. Rf6 Kg8 49. Rf4 Rg7+ 50. Kf5 Rd8 51. Re4
Rd5+ 52. Kf4 Rc7 53. Ke3 Ra7 54. Rxg4+ Kh7 55. Rxd3 Re5+ 56. Re4 Rh5 57. a4 1-0

[Event "21. Copenhagen Open  (Politiken Cup)"]
[Site "Copenhagen"]
[Date "1999.07.11"]
[Round "8"]
[White "Rasmussen, Poul"]
[Black "Hansen, Soren Asger"]
[Result "1/2-1/2"]
[WhiteElo "1581"]
[BlackElo "1683"]
[PlyCount "90"]
[EventDate "1999.07.03"]
[EventType "swiss"]
[EventRounds "11"]
[EventCountry "DEN"]
[SourceDate "2004.01.01"]

1. e4 e5 2. Nf3 Nc6 3. Nc3 d6 4. d4 Bg4 5. d5 Nd4 6. Be2 Nxe2 7. Qxe2 Qd7 8.
Qd3 Be7 9. Ne2 f5 10. h3 fxe4 11. Qxe4 Bf5 12. Qc4 h6 13. Qb3 c5 14. c4 Nf6 15.
Ng3 Bh7 16. Be3 a6 17. a4 O-O 18. O-O Ne4 19. Nd2 Nxg3 20. fxg3 Rxf1+ 21. Rxf1
b5 22. axb5 axb5 23. cxb5 Ra5 24. b6 Qb5 25. b7 Qxb3 26. Nxb3 Rb5 27. Na5 Bd8
28. Nc6 Rxb7 29. Nxd8 Rxb2 30. Ne6 Be4 31. Rf8+ Kh7 32. Rd8 Rxg2+ 33. Kf1 Rxg3
34. Nf8+ Kg8 35. Ne6+ Kf7 36. Bf2 Rxh3 37. Rxd6 c4 38. Nc5 Bf5 39. Nb7 c3 40.
Rc6 c2 41. Nd6+ Kg6 42. Nxf5+ Kxf5 43. Rxc2 Rd3 44. Rc5 h5 45. Ke2 e4 1/2-1/2

[Event "21. Copenhagen Open  (Politiken Cup)"]
[Site "Copenhagen"]
[Date "1999.07.11"]
[Round "8"]
[White "Raunkjaer, Jonas"]
[Black "Jensen, Jan Kargaard"]
[Result "1/2-1/2"]
[WhiteElo "1607"]
[BlackElo "1740"]
[PlyCount "84"]
[EventDate "1999.07.03"]
[EventType "swiss"]
[EventRounds "11"]
[EventCountry "DEN"]
[SourceDate "2004.01.01"]

1. e4 e6 2. d4 d5 3. Nd2 Nc6 4. Ngf3 Nf6 5. e5 Nd7 6. Bb5 a6 7. Bxc6 bxc6 8.
Nb3 c5 9. Bg5 Be7 10. Bxe7 Qxe7 11. Na5 Nb8 12. O-O Bd7 13. Re1 Nc6 14. Nxc6
Bxc6 15. dxc5 Qxc5 16. Qd4 Qxd4 17. Nxd4 Bd7 18. c4 c6 19. cxd5 cxd5 20. Rac1
Ke7 21. Nc6+ Bxc6 22. Rxc6 Rhc8 23. Rec1 Rxc6 24. Rxc6 Ra7 25. Kf1 f6 26. f4
fxe5 27. fxe5 a5 28. b3 Kf7 29. Ke2 Rb7 30. Ra6 Rb5 31. g4 d4 32. Kd3 Rxe5 33.
Kxd4 Rd5+ 34. Ke3 Kf6 35. h4 h6 36. Kf4 g5+ 37. hxg5+ hxg5+ 38. Ke4 Rb5 39. Kf3
Ke5 40. Ke3 Kd5 41. Kd3 Ke5 42. Ke3 Kd5 1/2-1/2

[Event "21. Copenhagen Open  (Politiken Cup)"]
[Site "Copenhagen"]
[Date "1999.07.11"]
[Round "8"]
[White "Rubeksen, Thomas H"]
[Black "Hjortskov, Kjeld"]
[Result "0-1"]
[WhiteElo "1050"]
[BlackElo "1655"]
[PlyCount "74"]
[EventDate "1999.07.03"]
[EventType "swiss"]
[EventRounds "11"]
[EventCountry "DEN"]
[SourceDate "2004.01.01"]

1. e4 c5 2. Nc3 d6 3. d3 Nc6 4. h3 g6 5. Nf3 Bg7 6. Be2 Nf6 7. Be3 O-O 8. O-O
e6 9. Qd2 Re8 10. Bh6 Bh8 11. Rfe1 a6 12. a3 b5 13. Rab1 Bb7 14. Na2 Rc8 15.
Rec1 Nd7 16. c4 Na5 17. b4 cxb4 18. axb4 Nc6 19. cxb5 axb5 20. Nc3 Nce5 21.
Nxb5 Rxc1+ 22. Qxc1 Qb6 23. Nc3 Nxf3+ 24. Bxf3 Qd4 25. Na2 Qxd3 26. Qe1 Ne5 27.
Be3 Bxe4 28. Bxe4 Qxe4 29. b5 Qc4 30. Qa5 Rb8 31. b6 Nd7 32. b7 Qc6 33. Qa7 Be5
34. f4 Bf6 35. Kf2 Qc2+ 36. Kf3 Qxb1 37. Bb6 Qxb6 0-1

[Event "21. Copenhagen Open  (Politiken Cup)"]
[Site "Copenhagen"]
[Date "1999.07.11"]
[Round "8"]
[White "Ronsted, Torben"]
[Black "Petersen, Lars"]
[Result "1/2-1/2"]
[WhiteElo "1915"]
[BlackElo "2096"]
[PlyCount "101"]
[EventDate "1999.07.03"]
[EventType "swiss"]
[EventRounds "11"]
[EventCountry "DEN"]
[SourceDate "2004.01.01"]

1. d4 d5 2. c4 e6 3. Nc3 Nf6 4. Bg5 c6 5. e3 Nbd7 6. Nf3 Qa5 7. Bxf6 Nxf6 8.
Qc2 Bb4 9. Bd3 dxc4 10. Bxc4 Nd5 11. Rc1 O-O 12. O-O Nxc3 13. bxc3 Bd6 14. Bd3
h6 15. c4 c5 16. Rb1 Qc7 17. Rfd1 b6 18. Be4 Rb8 19. Qe2 e5 20. dxe5 Bxe5 21.
Nxe5 Qxe5 22. Bd5 Bf5 23. f4 Qe7 24. e4 Be6 25. Rb3 Bxd5 26. cxd5 Rbc8 27. Rg3
f6 28. Qg4 f5 29. exf5 Rcd8 30. h3 Qf6 31. d6 Rd7 32. Qg6 Qxg6 33. fxg6 Rf6 34.
Re3 Rxg6 35. Re7 Rdxd6 36. Rxd6 Rxd6 37. Rxa7 Rd2 38. a4 Ra2 39. Ra6 Rb2 40.
Kf1 Kf7 41. g4 Ra2 42. Rxb6 Rxa4 43. f5 Ra2 44. Rc6 Rc2 45. Ke1 Rc1+ 46. Kd2
Rh1 47. Rxc5 Rxh3 48. Ke2 Rg3 49. Rc4 Kf6 50. Rc6+ Kf7 51. Rc4 1/2-1/2

[Event "21. Copenhagen Open  (Politiken Cup)"]
[Site "Copenhagen"]
[Date "1999.07.11"]
[Round "8"]
[White "Samuelsen, Carl Eli"]
[Black "Rasmussen, Henning"]
[Result "1-0"]
[WhiteElo "2060"]
[BlackElo "1802"]
[PlyCount "89"]
[EventDate "1999.07.03"]
[EventType "swiss"]
[EventRounds "11"]
[EventCountry "DEN"]
[SourceDate "2004.01.01"]

1. d4 d5 2. c4 e6 3. Nc3 Nf6 4. Nf3 Nbd7 5. Qc2 Be7 6. g3 O-O 7. b3 b6 8. Bg2
Bb7 9. O-O dxc4 10. bxc4 c5 11. dxc5 Bxc5 12. Rd1 Qe7 13. Bb2 Rad8 14. h3 h6
15. e4 Nb8 16. e5 Nh7 17. h4 Rxd1+ 18. Rxd1 Rd8 19. Rd2 Rxd2 20. Qxd2 Qd7 21.
Nb5 Qxd2 22. Nxd2 Bxg2 23. Kxg2 Nc6 24. Ne4 Be7 25. Ned6 Bxd6 26. exd6 Nf8 27.
Bc3 Nd7 28. f4 h5 29. Kf3 f6 30. Nc7 Kf7 31. Nb5 Nc5 32. Bb2 Ke8 33. g4 hxg4+
34. Kxg4 Kf7 35. h5 Nd7 36. Bc3 e5 37. f5 Nc5 38. Kf3 Nd7 39. Ke4 a6 40. Nc7 a5
41. Kd5 Nb4+ 42. Bxb4 axb4 43. Kc6 Nb8+ 44. Kxb6 e4 45. Nd5 1-0

[Event "21. Copenhagen Open  (Politiken Cup)"]
[Site "Copenhagen"]
[Date "1999.07.11"]
[Round "8"]
[White "Schmied, Andreas"]
[Black "Gabrielsen, Stig"]
[Result "1-0"]
[WhiteElo "2162"]
[BlackElo "2295"]
[PlyCount "123"]
[EventDate "1999.07.03"]
[EventType "swiss"]
[EventRounds "11"]
[EventCountry "DEN"]
[SourceDate "2004.01.01"]

1. d4 Nf6 2. Nf3 g6 3. Nc3 d5 4. Bf4 Bg7 5. e3 O-O 6. Be2 c5 7. Ne5 Qb6 8. O-O
cxd4 9. Qxd4 Qxd4 10. exd4 Bf5 11. g4 Be6 12. Nb5 Rc8 13. c3 a6 14. Na3 Nc6 15.
h3 Ne4 16. Nd3 b6 17. Kg2 Ra7 18. Rae1 Rd8 19. Bd1 Nd6 20. Bh2 Bc8 21. Re2 Bf8
22. Bc2 Bb7 23. f3 Na5 24. Nb1 Ba8 25. Nd2 Nac4 26. Nxc4 dxc4 27. Nf2 b5 28.
Ne4 Nc8 29. Nd2 Nb6 30. Be4 Nd5 31. Rfe1 Rc8 32. Nf1 a5 33. Ne3 Nb6 34. Bxa8
Raxa8 35. a3 Bh6 36. f4 Ra7 37. g5 Bf8 38. f5 Rc6 39. Be5 h6 40. d5 Rc8 41. Bd4
Rb7 42. gxh6 Bxh6 43. fxg6 fxg6 44. Ng4 Bf8 45. Bxb6 Rxb6 46. Re6 Rcb8 47. Rxb6
Rxb6 48. Re6 Rxe6 49. dxe6 Bg7 50. Kf3 b4 51. axb4 axb4 52. cxb4 Bxb2 53. Ke4
Bc3 54. b5 Ba5 55. Ne5 c3 56. Kd3 Kg7 57. Nc6 Bc7 58. Nxe7 Be5 59. Nd5 g5 60.
b6 Kf8 61. b7 Ke8 62. Nb4 1-0

[Event "21. Copenhagen Open  (Politiken Cup)"]
[Site "Copenhagen"]
[Date "1999.07.11"]
[Round "8"]
[White "Simonsen, Hans Kristian"]
[Black "Larsen, Vagn"]
[Result "1-0"]
[WhiteElo "1650"]
[BlackElo "1465"]
[PlyCount "97"]
[EventDate "1999.07.03"]
[EventType "swiss"]
[EventRounds "11"]
[EventCountry "DEN"]
[SourceDate "2004.01.01"]

1. d4 Nf6 2. c4 e6 3. Nf3 d5 4. Bg5 Be7 5. e3 Nc6 6. Nc3 dxc4 7. Bxc4 O-O 8.
O-O Nd5 9. Bxe7 Nxc3 10. Bxd8 Nxd1 11. Bxc7 Nxb2 12. Bb3 Nd3 13. a3 b6 14. Bc4
Nb2 15. Bb5 Na5 16. a4 Bb7 17. Rab1 Rac8 18. Bd6 Nbc4 19. Bxf8 Bxf3 20. gxf3
Nd2 21. Bb4 Nxb1 22. Rxb1 Nb7 23. Ba6 Rc7 24. Bxb7 Rxb7 25. Rc1 h5 26. Kf1 a6
27. Rc6 g6 28. Bd6 b5 29. a5 Ra7 30. Rc7 Ra8 31. Bc5 Kg7 32. Ra7 Rxa7 33. Bxa7
Kf6 34. Ke2 Ke7 35. Kd3 Kd6 36. Bc5+ Kd5 37. e4+ Kc6 38. f4 f5 39. Bb4 Kd7 40.
d5 fxe4+ 41. Kxe4 exd5+ 42. Kxd5 Kc7 43. Ke6 Kc6 44. f3 Kc7 45. f5 gxf5 46.
Kxf5 Kd7 47. Kg5 Ke6 48. f4 Kd5 49. f5 1-0

[Event "21. Copenhagen Open  (Politiken Cup)"]
[Site "Copenhagen"]
[Date "1999.07.11"]
[Round "8"]
[White "Skare, Karl Andre"]
[Black "Kragh, Niels Kristian"]
[Result "1-0"]
[WhiteElo "2164"]
[BlackElo "1813"]
[PlyCount "109"]
[EventDate "1999.07.03"]
[EventType "swiss"]
[EventRounds "11"]
[EventCountry "DEN"]
[SourceDate "2004.01.01"]

1. c4 Nc6 2. Nc3 e5 3. g3 g6 4. Bg2 Bg7 5. Rb1 a5 6. a3 d6 7. d3 f5 8. e3 Nf6
9. Nge2 O-O 10. b4 axb4 11. axb4 Be6 12. O-O d5 13. c5 h6 14. d4 e4 15. Qb3 g5
16. Bd2 Qe8 17. Ra1 Rxa1 18. Rxa1 Qh5 19. b5 Ne7 20. Ra7 f4 21. exf4 Bh3 22.
Qb1 Ng4 23. Qf1 Nxh2 24. Kxh2 Bxg2+ 25. Kxg2 Qf3+ 26. Kg1 Qd3 27. Qd1 Bxd4 28.
Be1 Qxd1 29. Nxd1 Bxc5 30. Rxb7 Bb6 31. Bb4 Kf7 32. Ne3 Rd8 33. Bxe7 Kxe7 34.
Nf5+ Kf6 35. Nfd4 gxf4 36. Nc6 f3 37. Nc3 Rd6 38. Rb8 Kf5 39. Rf8+ Kg5 40. Rd8
Rxd8 41. Nxd8 c5 42. Ne6+ Kg4 43. Nxd5 Ba7 44. Ne3+ Kh5 45. Nf4+ Kg5 46. Nfd5
h5 47. Nc3 h4 48. Nxe4+ Kh5 49. g4+ Kg6 50. Nd2 Kg5 51. Nxf3+ Kf4 52. Nxh4 Ke4
53. g5 Bb8 54. g6 Be5 55. b6 1-0

[Event "21. Copenhagen Open  (Politiken Cup)"]
[Site "Copenhagen"]
[Date "1999.07.11"]
[Round "8"]
[White "Skytte, Rasmus"]
[Black "Baburin, Alexander"]
[Result "0-1"]
[WhiteElo "2338"]
[BlackElo "2593"]
[PlyCount "104"]
[EventDate "1999.07.03"]
[EventType "swiss"]
[EventRounds "11"]
[EventCountry "DEN"]
[SourceDate "2004.01.01"]

1. e4 Nf6 2. e5 Nd5 3. d4 d6 4. Bc4 Nb6 5. Bb3 Bf5 6. Qf3 Qc8 7. Ne2 e6 8. Qg3
dxe5 9. dxe5 c5 10. c4 Nc6 11. Na3 a6 12. O-O Qc7 13. f4 O-O-O 14. Be3 f6 15.
exf6 gxf6 16. Qf2 Nb4 17. Ng3 Bd3 18. Rfd1 h5 19. Rd2 h4 20. Ne2 h3 21. g3 Rh7
22. Rad1 Rhd7 23. Nc3 Qc6 24. Nab5 axb5 25. cxb5 Bxb5 26. Nxb5 Qxb5 27. Bxe6
Kc7 28. Bxd7 Rxd7 29. Rxd7+ Nxd7 30. a3 Nd3 31. Qf1 c4 32. b4 Qd5 33. g4 Qe4
34. Qxh3 Bd6 35. Rf1 Nxf4 36. Bxf4 Bxf4 37. Qf3 Qxf3 38. Rxf3 Bg5 39. Rc3 Ne5
40. Rc2 b5 41. Kg2 Nxg4 42. Kf3 Ne5+ 43. Ke4 Kd6 44. h3 Nd3 45. Kd4 f5 46. Rg2
Bf6+ 47. Ke3 Kd5 48. Rg6 f4+ 49. Kd2 Bd4 50. h4 f3 51. Rg8 Ke4 52. h5 c3+ 0-1

[Event "21. Copenhagen Open  (Politiken Cup)"]
[Site "Copenhagen"]
[Date "1999.07.11"]
[Round "8"]
[White "Steindorsson, Sigurour P"]
[Black "Jensen, Henrik W"]
[Result "0-1"]
[WhiteElo "2052"]
[BlackElo "2098"]
[PlyCount "60"]
[EventDate "1999.07.03"]
[EventType "swiss"]
[EventRounds "11"]
[EventCountry "DEN"]
[SourceDate "2004.01.01"]

1. c4 Nf6 2. Nc3 e5 3. g3 c6 4. Bg2 d5 5. cxd5 cxd5 6. Qb3 Nc6 7. Nxd5 Nd4 8.
Nxf6+ Qxf6 9. Qd3 Bf5 10. Be4 Bxe4 11. Qxe4 Rc8 12. Qxb7 Qf5 13. e4 Qe6 14. Kf1
Bc5 15. Kg2 O-O 16. b3 Nc2 17. Rb1 Ne1+ 18. Kf1 Nd3 19. h3 Qf6 20. f4 Bxg1 21.
Ba3 Bc5 22. b4 Bb6 23. Ke2 exf4 24. Rhf1 Rfd8 25. Rf3 Qd4 26. gxf4 Nxf4+ 27.
Rxf4 Qxd2+ 28. Kf3 Rc3+ 29. Kg4 Qg2+ 30. Kf5 Qg6+ 0-1

[Event "21. Copenhagen Open  (Politiken Cup)"]
[Site "Copenhagen"]
[Date "1999.07.11"]
[Round "8"]
[White "Sylvan, Jacob"]
[Black "Gunter, David WW"]
[Result "1-0"]
[WhiteElo "2271"]
[BlackElo "2146"]
[PlyCount "121"]
[EventDate "1999.07.03"]
[EventType "swiss"]
[EventRounds "11"]
[EventCountry "DEN"]
[SourceDate "2004.01.01"]

1. e4 e6 2. d4 d5 3. Nd2 c5 4. exd5 exd5 5. Ngf3 Nc6 6. dxc5 Bxc5 7. Nb3 Bb6 8.
Be2 Nge7 9. O-O O-O 10. c3 Bg4 11. h3 Bh5 12. Bf4 Re8 13. Re1 Rc8 14. Qd2 a5
15. a4 Ba7 16. Rad1 Qb6 17. Nfd4 Nxd4 18. Nxd4 Bxe2 19. Rxe2 Ng6 20. Rde1 Rxe2
21. Rxe2 h6 22. Nb5 Bb8 23. Bxb8 Rxb8 24. Re3 Qf6 25. Qxd5 Rd8 26. Qf3 Qxf3 27.
Rxf3 Rd1+ 28. Kh2 Rd2 29. b3 Ne5 30. Re3 f6 31. f4 Ng6 32. Kg3 Kf7 33. Nd4 Ne7
34. Kf3 Nd5 35. Re2 Rd1 36. Nb5 Rb1 37. Ke4 Ne7 38. Nd6+ Kf8 39. Nxb7 Rxb3 40.
Nxa5 Rxc3 41. Rd2 Kf7 42. Nb7 Rb3 43. Nd6+ Ke6 44. f5+ Kd7 45. Nb5+ Kc8 46.
Nd6+ Kd7 47. Nc4+ Kc7 48. Ne3 Ra3 49. Nd5+ Nxd5 50. Kxd5 Re3 51. g4 h5 52. Rg2
Re5+ 53. Kd4 hxg4 54. hxg4 Re1 55. Rc2+ Kb7 56. Rc4 Re5 57. Rc5 Re1 58. Kd5
Re5+ 59. Kd6 Re4 60. Rc7+ Kb6 61. Rxg7 1-0

[Event "21. Copenhagen Open  (Politiken Cup)"]
[Site "Copenhagen"]
[Date "1999.07.11"]
[Round "8"]
[White "Sorensen, Torben N"]
[Black "Byrn, Carsten"]
[Result "1-0"]
[WhiteElo "2348"]
[BlackElo "2055"]
[PlyCount "75"]
[EventDate "1999.07.03"]
[EventType "swiss"]
[EventRounds "11"]
[EventCountry "DEN"]
[SourceDate "2004.01.01"]

1. Nf3 Nf6 2. c4 g6 3. Nc3 d5 4. cxd5 Nxd5 5. Nxd5 Qxd5 6. g3 Bg7 7. Bg2 O-O 8.
O-O a5 9. d4 a4 10. e3 Qb5 11. Qc2 Na6 12. Bd2 c5 13. Bc3 Bf5 14. e4 Bg4 15. d5
Nb4 16. Qd2 Nd3 17. Bxg7 Kxg7 18. Qc3+ Kg8 19. Rab1 Bxf3 20. Bxf3 Nb4 21. a3
Na6 22. e5 Qd7 23. Rbd1 b6 24. Rfe1 Rad8 25. e6 Qd6 26. exf7+ Rxf7 27. Re6 Qb8
28. Rde1 Nc7 29. Rxe7 Nb5 30. Qe3 Nd4 31. Rxf7 Kxf7 32. Qe7+ Kg8 33. Bg4 Qd6
34. Be6+ Nxe6 35. Qxe6+ Kg7 36. Qe7+ Kg8 37. Qb7 Qxd5 38. Re8+ 1-0

[Event "21. Copenhagen Open  (Politiken Cup)"]
[Site "Copenhagen"]
[Date "1999.07.11"]
[Round "8"]
[White "Van Der Weide, Karel"]
[Black "Nilssen, John Arni"]
[Result "1/2-1/2"]
[WhiteElo "2434"]
[BlackElo "2326"]
[PlyCount "107"]
[EventDate "1999.07.03"]
[EventType "swiss"]
[EventRounds "11"]
[EventCountry "DEN"]
[SourceDate "2004.01.01"]

1. e4 c5 2. Nf3 Nc6 3. d3 g6 4. g3 Bg7 5. Bg2 e6 6. O-O Nge7 7. c3 d5 8. Nbd2
O-O 9. Re1 e5 10. exd5 Nxd5 11. Nc4 Re8 12. Ng5 h6 13. Ne4 Bf8 14. Ned6 Bxd6
15. Bxd5 Bf8 16. Bxc6 bxc6 17. Nxe5 Bh3 18. Qf3 Qd5 19. Qxd5 cxd5 20. Bd2 Rab8
21. b3 Rb6 22. Nf3 Rc8 23. Be3 Bf5 24. d4 c4 25. b4 a5 26. a3 g5 27. h4 f6 28.
hxg5 hxg5 29. Nd2 Bd6 30. Kg2 Kg7 31. f3 Rbb8 32. Bf2 Ra8 33. g4 Bd3 34. Bg3
Bf4 35. Bxf4 gxf4 36. Re7+ Kf8 37. Rd7 Re8 38. Nf1 Red8 39. Rxd8+ Rxd8 40. b5
Re8 41. Ra2 Ke7 42. Rb2 Kd7 43. b6 Kc6 44. b7 Rb8 45. Nd2 Rxb7 46. Rxb7 Kxb7
47. Kh3 Kc6 48. a4 Bc2 49. g5 fxg5 50. Kg4 Bxa4 51. Nb1 Bd1 52. Na3 Kd6 53.
Kxg5 Bxf3 54. Kxf4 1/2-1/2

[Event "21. Copenhagen Open  (Politiken Cup)"]
[Site "Copenhagen"]
[Date "1999.07.11"]
[Round "8"]
[White "Vistisen, Lars"]
[Black "Meulenbroek, Kim"]
[Result "1-0"]
[WhiteElo "2199"]
[BlackElo "1940"]
[PlyCount "131"]
[EventDate "1999.07.03"]
[EventType "swiss"]
[EventRounds "11"]
[EventCountry "DEN"]
[SourceDate "2004.01.01"]

1. e4 c5 2. c3 e5 3. Nf3 Nc6 4. d4 cxd4 5. Bc4 Qc7 6. O-O Nf6 7. Qe2 dxc3 8.
Nxc3 Be7 9. Nd5 Qd8 10. b4 O-O 11. Bb2 d6 12. Nxf6+ Bxf6 13. b5 Ne7 14. Rfd1
Ng6 15. Ba3 Be7 16. h3 Kh8 17. Qd2 f5 18. Bxd6 fxe4 19. Nxe5 Nxe5 20. Bxe5 Qe8
21. Qd4 Qg6 22. Bd5 Bf5 23. Bxb7 Rad8 24. Qe3 Qe6 25. Qg3 Bg6 26. Bxe4 Rxd1+
27. Rxd1 Bc5 28. Rf1 Qb6 29. Bxg6 hxg6 30. Qh4+ Kg8 31. Bg3 Qxb5 32. a4 Qb6 33.
Qc4+ Kh8 34. Qb5 Qxb5 35. axb5 Bb6 36. Rb1 Rf5 37. Bd6 Kg8 38. Rb2 Kf7 39. Kf1
Rd5 40. Ba3 Ke6 41. f3 Rd4 42. Ke2 Kf7 43. Rd2 Ra4 44. Bb2 Ke8 45. Rd6 Rc4 46.
g4 Ra4 47. Kd3 Rb4 48. Bc3 Rxb5 49. Rxg6 a5 50. Rxg7 a4 51. Rg8+ Kf7 52. Ra8
Rb1 53. Rxa4 Rh1 54. Rf4+ Kg8 55. g5 Rxh3 56. g6 Bc7 57. Rf7 Bd6 58. Ke4 Rg3
59. Rf6 Bf8 60. Rc6 Rg5 61. Be5 Rg1 62. Kf5 Rg2 63. f4 Rg1 64. Bf6 Rg2 65. Rc8
Rxg6 66. Rxf8+ 1-0

[Event "21. Copenhagen Open  (Politiken Cup)"]
[Site "Copenhagen"]
[Date "1999.07.11"]
[Round "8"]
[White "Ward, Christopher"]
[Black "Lyrberg, Patrik"]
[Result "1/2-1/2"]
[WhiteElo "2473"]
[BlackElo "2395"]
[PlyCount "91"]
[EventDate "1999.07.03"]
[EventType "swiss"]
[EventRounds "11"]
[EventCountry "DEN"]
[SourceDate "2004.01.01"]

1. d4 Nf6 2. c4 g6 3. Nc3 Bg7 4. e4 O-O 5. f3 c6 6. Be3 b6 7. Qd2 Ba6 8. O-O-O
b5 9. h4 Qa5 10. e5 b4 11. Nb1 Nd5 12. cxd5 Bxf1 13. Rxf1 Qxa2 14. Ne2 Na6 15.
d6 c5 16. dxe7 Rfe8 17. d5 Rxe7 18. f4 d6 19. h5 Rd8 20. hxg6 hxg6 21. f5 Qc4+
22. Qc2 Qxc2+ 23. Kxc2 Rxe5 24. Rh3 Nc7 25. fxg6 fxg6 26. Nf4 Rf8 27. Nd2 Nxd5
28. Nxd5 Rxf1 29. Nxf1 Rxd5 30. Nd2 Bd4 31. Bf4 Be5 32. Ne4 c4 33. Bxe5 Rxe5
34. Nxd6 Re2+ 35. Kc1 b3 36. Rc3 a5 37. Rxc4 Rxg2 38. Nb7 Rg1+ 39. Kd2 Rg2+ 40.
Kc1 Rg1+ 41. Kd2 Rg2+ 42. Kc3 Rg3+ 43. Kd4 Rg4+ 44. Kc3 Rg3+ 45. Kd4 Rg4+ 46.
Kc3 1/2-1/2

[Event "21. Copenhagen Open  (Politiken Cup)"]
[Site "Copenhagen"]
[Date "1999.07.12"]
[Round "9"]
[White "Aagaard, Jacob"]
[Black "Petersen, Peter Birk"]
[Result "1-0"]
[WhiteElo "2403"]
[BlackElo "2205"]
[PlyCount "65"]
[EventDate "1999.07.03"]
[EventType "swiss"]
[EventRounds "11"]
[EventCountry "DEN"]
[SourceDate "2004.01.01"]

1. d4 Nf6 2. c4 e6 3. Nc3 Bb4 4. Qc2 O-O 5. a3 Bxc3+ 6. Qxc3 Ne4 7. Qc2 f5 8.
Nf3 b6 9. g3 Bb7 10. Bg2 Nc6 11. b4 Qe8 12. Bb2 Ne7 13. O-O Qh5 14. Rad1 d6 15.
Nd2 Nxd2 16. Qxd2 Bxg2 17. Kxg2 Rf6 18. Qd3 Rh6 19. h4 Rf8 20. Bc1 f4 21. Rh1
Rg6 22. Qf3 Rg4 23. Kh3 Rg5 24. g4 Qh6 25. Kg2 Rg6 26. g5 e5 27. dxe5 dxe5 28.
Kf1 e4 29. Qg4 f3 30. exf3 exf3 31. Rd4 Rxg5 32. Qxg5 Qe6 33. Qe3 1-0

[Event "21. Copenhagen Open  (Politiken Cup)"]
[Site "Copenhagen"]
[Date "1999.07.12"]
[Round "9"]
[White "Baburin, Alexander"]
[Black "Mah, Karl"]
[Result "1-0"]
[WhiteElo "2593"]
[BlackElo "2316"]
[PlyCount "87"]
[EventDate "1999.07.03"]
[EventType "swiss"]
[EventRounds "11"]
[EventCountry "DEN"]
[SourceDate "2004.01.01"]

1. d4 d5 2. c4 c6 3. Nf3 Nf6 4. Nc3 dxc4 5. a4 Bf5 6. e3 e6 7. Bxc4 Bb4 8. O-O
O-O 9. Qe2 Bg6 10. Ne5 Nbd7 11. Nxg6 hxg6 12. Rd1 Qe7 13. e4 e5 14. d5 Rac8 15.
dxc6 bxc6 16. Bg5 Nc5 17. Qf3 Rfd8 18. Qe3 Ne6 19. Bxe6 Qxe6 20. Bxf6 gxf6 21.
g3 Qb3 22. Nd5 Qxe3 23. Nxe3 Rd4 24. Rxd4 exd4 25. Nc2 Bd6 26. Nxd4 Be5 27. Nc2
Rb8 28. Rb1 Rxb2 29. Rxb2 Bxb2 30. Kf1 Bc3 31. Ke2 Kf8 32. Kd3 Ba5 33. Nd4 Bb6
34. f4 Ke7 35. Nxc6+ Kd6 36. Nd4 Kc5 37. h4 Kb4 38. g4 Bc7 39. f5 Kxa4 40. Ne6
Be5 41. h5 gxh5 42. gxh5 fxe6 43. fxe6 f5 44. e7 1-0

[Event "21. Copenhagen Open  (Politiken Cup)"]
[Site "Copenhagen"]
[Date "1999.07.12"]
[Round "9"]
[White "Barkhagen, Jonas"]
[Black "Dongart, Dennis"]
[Result "1-0"]
[WhiteElo "2442"]
[BlackElo "2095"]
[PlyCount "79"]
[EventDate "1999.07.03"]
[EventType "swiss"]
[EventRounds "11"]
[EventCountry "DEN"]
[SourceDate "2004.01.01"]

1. d4 Nf6 2. c4 e5 3. dxe5 Ng4 4. Bf4 Nc6 5. Nf3 Bb4+ 6. Nbd2 Qe7 7. e3 Ngxe5
8. Nxe5 Nxe5 9. Be2 d6 10. O-O Bxd2 11. Qxd2 O-O 12. Rac1 Rd8 13. Qc3 b6 14. c5
bxc5 15. Bxe5 Qxe5 16. Qxe5 dxe5 17. Rxc5 Be6 18. Bf3 Rab8 19. b3 Rd2 20. Ra1
Rbd8 21. Rxe5 Rb2 22. Ra5 Rdd2 23. Rxa7 g6 24. a4 Bxb3 25. a5 Bd5 26. e4 Bc4
27. h3 Be2 28. Ra3 Ra2 29. Rxa2 Rxa2 30. Bxe2 Rxe2 31. Rxc7 Rxe4 32. a6 Ra4 33.
a7 Kg7 34. Kf1 Ra2 35. Ke1 h5 36. Kd1 g5 37. Kc1 Kg6 38. Kb1 Ra6 39. Rc6+ Rxc6
40. a8=Q 1-0

[Event "21. Copenhagen Open  (Politiken Cup)"]
[Site "Copenhagen"]
[Date "1999.07.12"]
[Round "9"]
[White "Bekker Jensen, Anne"]
[Black "Sylvan, Jacob"]
[Result "0-1"]
[WhiteElo "2074"]
[BlackElo "2271"]
[PlyCount "128"]
[EventDate "1999.07.03"]
[EventType "swiss"]
[EventRounds "11"]
[EventCountry "DEN"]
[SourceDate "2004.01.01"]

1. d4 Nf6 2. c4 g6 3. Nc3 Bg7 4. e4 d6 5. f4 O-O 6. Nf3 e5 7. dxe5 dxe5 8. Qxd8
Rxd8 9. Nxe5 Be6 10. Be3 Na6 11. a3 Nd7 12. Nxd7 Rxd7 13. c5 c6 14. Be2 Rad8
15. O-O Bb3 16. Rac1 Bd4 17. Bxd4 Rxd4 18. Bd1 Bc4 19. Be2 Nxc5 20. Bxc4 Rxc4
21. e5 Rd2 22. b4 Nd3 23. Nb1 Rxc1 24. Nxd2 Rxf1+ 25. Kxf1 Nxf4 26. Ne4 Nd3 27.
Nd6 b5 28. Nc8 Nxe5 29. Nxa7 Kf8 30. Nc8 f5 31. Nb6 Ke7 32. Ke2 Kd6 33. a4 Kc7
34. a5 f4 35. Na8+ Kb7 36. Nb6 g5 37. h3 h5 38. Kd1 g4 39. hxg4 hxg4 40. Ke2 g3
41. Kf1 Nd3 42. Nd7 Nxb4 43. Nc5+ Ka7 44. Ke2 Nd5 45. Kf3 b4 46. Ke4 Kb8 47.
Na6+ Ka7 48. Nc5 Nc7 49. Kxf4 Ne6+ 50. Nxe6 b3 51. Nd4 b2 52. Nxc6+ Ka8 53.
Kxg3 b1=Q 54. Nd4 Qe1+ 55. Kh3 Qxa5 56. Nf3 Qh5+ 57. Nh4 Kb7 58. g4 Qe5 59. Nf5
Kc7 60. Kh4 Kd7 61. Nh6 Ke8 62. g5 Kf8 63. Ng4 Qe4 64. Kh5 Kg7 0-1